[Event "Paul Keres mem (34th)"]
[Site "New Westminster CAN"]
[Date "2009.05.18"]
[Round "6.10"]
[White "Leblanc, Paul"]
[Black "Patterson, Roger"]
[Result "0-1"]
[WhiteElo "1906"]
[BlackElo "2225"]
[PlyCount "90"]
[GameId "2160767910156718"]
[EventDate "2009.05.15"]
[EventType "swiss"]
[EventRounds "7"]
[EventCountry "CAN"]

1. d4 Nf6 2. Bg5 e6 3. Nf3 h6 4. Bh4 b6 5. e3 Bb7 6. Bd3 Be7 7. O-O O-O 8. Nbd2 c5 9. c3 Nc6 10. a3 d6 11. Qe2 e5 12. Bxf6 Bxf6 13. d5 Ne7 14. c4 g6 15. b4 e4 16. Nxe4 Bxa1 17. Rxa1 f5 18. Ng3 Qd7 19. Qd2 g5 20. Qb2 Ng6 21. e4 g4 22. exf5 Nf4 23. Ne1 Qg7 24. Qxg7+ Kxg7 25. Bc2 Rad8 26. Ne4 Bc8 27. f6+ Kf7 28. bxc5 bxc5 29. Rb1 Nh5 30. f3 gxf3 31. Nxf3 Nxf6 32. Ng3 Ng4 33. Bf5 Bxf5 34. Nxf5 Kf6 35. N3h4 Kg5 36. h3 Ne5 37. Rb7 Rxf5 38. Nxf5 Kxf5 39. Rxa7 Nxc4 40. a4 Ke5 41. Rh7 Kxd5 42. Rxh6 Nb2 43. a5 c4 44. Kf2 c3 45. a6 c2 0-1

[Event "Paul Keres mem (34th)"]
[Site "New Westminster CAN"]
[Date "2009.05.18"]
[Round "7"]
[White "Yoos, John"]
[Black "Jiganchine, Roman"]
[Result "1-0"]
[WhiteElo "2403"]
[BlackElo "2240"]
[PlyCount "73"]
[GameId "2160767910156719"]
[EventDate "2009.05.15"]
[EventType "swiss"]
[EventRounds "7"]
[EventCountry "CAN"]
[SourceTitle "EXT 2011"]
[Source "ChessBase"]
[SourceDate "2011.11.26"]
[SourceVersion "1"]
[SourceVersionDate "2011.11.26"]
[SourceQuality "1"]

1. e4 c6 2. d4 d5 3. e5 c5 4. dxc5 e6 5. Be3 Nd7 6. Nf3 Qc7 7. c4 dxc4 8. Qa4 Bxc5 9. Bxc5 Qxc5 10. Nc3 Nh6 11. Ne4 Qc6 12. Qxc6 bxc6 13. h3 Nb6 14. O-O-O Ke7 15. Nc5 Nd7 16. Ne4 Nb6 17. Nd4 Bd7 18. Nc5 Rhc8 19. Nc2 f6 20. exf6+ gxf6 21. Bxc4 Nd5 22. Rhe1 Nf7 23. Bxd5 cxd5 24. Rxd5 Ne5 25. Rexe5 fxe5 26. Rxd7+ Kf6 27. Ne4+ Kg6 28. Rd6 Rc7 29. Nc3 Kf7 30. Ne3 h5 31. Kd2 Ke7 32. Ra6 Rb7 33. Nc4 h4 34. Nd1 Rd8+ 35. Ke2 Rd4 36. Nde3 e4 37. Ra5 1-0

[Event "Paul Keres mem (34th)"]
[Site "New Westminster CAN"]
[Date "2009.05.18"]
[Round "7.2"]
[White "Orlov, Georgi"]
[Black "Cheng, Bindi"]
[Result "1/2-1/2"]
[WhiteElo "2558"]
[BlackElo "2374"]
[PlyCount "86"]
[GameId "2160767910156720"]
[EventDate "2009.05.15"]
[EventType "swiss"]
[EventRounds "7"]
[EventCountry "CAN"]

1. Nf3 d5 2. g3 Nf6 3. Bg2 e6 4. O-O Be7 5. d3 O-O 6. Nbd2 b6 7. e4 dxe4 8. dxe4 Bb7 9. Qe2 Nfd7 10. Nc4 Nc6 11. Rd1 Qc8 12. e5 b5 13. Ncd2 a6 14. b3 Ncxe5 15. Nxe5 Nxe5 16. Bxb7 Qxb7 17. Bb2 Nd7 18. Ne4 Nf6 19. Nxf6+ Bxf6 20. Bxf6 gxf6 21. Qg4+ Kh8 22. Qf4 Kg7 23. Rd7 Rad8 24. Rxc7 Qb6 25. c4 bxc4 26. Rxc4 Rd5 27. Qg4+ Rg5 28. Qd4 Qxd4 29. Rxd4 Rc8 30. Rad1 Re5 31. R1d2 f5 32. Kg2 Rc7 33. Kf3 a5 34. Rd7 Rc3+ 35. Kg2 Rcc5 36. Rb7 Kg6 37. a4 Rc3 38. Ra2 Rd5 39. b4 Rc4 40. Rb2 Rdd4 41. bxa5 Rxa4 42. R7b5 Ra3 43. R2b3 Ra2 1/2-1/2

[Event "Paul Keres mem (34th)"]
[Site "New Westminster CAN"]
[Date "2009.05.18"]
[Round "7.3"]
[White "Cadman, Charles"]
[Black "Daswani, Benedict"]
[Result "1-0"]
[WhiteElo "2332"]
[BlackElo "2092"]
[PlyCount "67"]
[GameId "2160767910156721"]
[EventDate "2009.05.15"]
[EventType "swiss"]
[EventRounds "7"]
[EventCountry "CAN"]

1. e4 g6 2. d4 d6 3. Nc3 Bg7 4. f4 Nf6 5. Nf3 O-O 6. Bd3 Bg4 7. h3 Bxf3 8. Qxf3 Nc6 9. Be3 e5 10. Ne2 exd4 11. Nxd4 Nxe4 12. Nxc6 Qh4+ 13. Kd1 Bxb2 14. Rb1 Nc3+ 15. Kd2 Nxb1+ 16. Rxb1 Qf6 17. Ne7+ Kh8 18. Nd5 Qg7 19. c3 Ba3 20. Rxb7 Bc5 21. Bxc5 dxc5 22. Nxc7 Rad8 23. Ne6 Qf6 24. Nxf8 c4 25. Nd7 Qa6 26. Qd5 Qxa2+ 27. Bc2 Qa6 28. Qd4+ Kg8 29. Rxa7 Qe6 30. Kc1 Qe1+ 31. Kb2 Qe6 32. Nf6+ Kf8 33. Qxd8+ Kg7 34. Qg8+ 1-0

[Event "Paul Keres mem (34th)"]
[Site "New Westminster CAN"]
[Date "2009.05.18"]
[Round "7.4"]
[White "Li, Changhe"]
[Black "Wu, Howard"]
[Result "1/2-1/2"]
[WhiteElo "2029"]
[BlackElo "2235"]
[PlyCount "95"]
[GameId "2160767910156722"]
[EventDate "2009.05.15"]
[EventType "swiss"]
[EventRounds "7"]
[EventCountry "CAN"]

1. e4 c6 2. d4 d5 3. Nd2 dxe4 4. Nxe4 Nd7 5. Nf3 Ngf6 6. Ng3 e6 7. Bd3 c5 8. c3 Be7 9. O-O O-O 10. b3 b6 11. Qe2 Bb7 12. Ne4 cxd4 13. Nxd4 Nc5 14. Nxc5 Bxc5 15. Bb2 Bxd4 16. cxd4 Qd5 17. f3 Rfd8 18. Rfd1 Rac8 19. Bc4 Qd6 20. Qe5 Bd5 21. Bd3 Qb4 22. Qe1 Qxe1+ 23. Rxe1 Nh5 24. Rac1 Nf4 25. Ba6 Rb8 26. Rc7 b5 27. Rxa7 Ra8 28. Rxa8 Rxa8 29. Bxb5 Rxa2 30. Bc1 Nxg2 31. Re2 Rxe2 32. Bxe2 Nh4 33. b4 Bxf3 34. Bg5 Bxe2 35. Bxh4 f5 36. Kf2 Bc4 37. Bd8 Kf7 38. Kf3 Ke8 39. Bg5 h6 40. Bd2 Ke7 41. h4 Kf6 42. h5 g5 43. hxg6 Kxg6 44. Kg3 h5 45. Kh4 Be2 46. Bf4 Kf6 47. b5 Bxb5 48. Kxh5 1/2-1/2

[Event "Paul Keres mem (34th)"]
[Site "New Westminster CAN"]
[Date "2009.05.18"]
[Round "7.5"]
[White "Trochtchanovitch, Pavel"]
[Black "Pechisker, Alfred"]
[Result "1-0"]
[WhiteElo "2003"]
[BlackElo "2294"]
[PlyCount "130"]
[GameId "2160767739448193"]
[EventDate "2009.05.15"]
[EventType "swiss"]
[EventRounds "7"]
[EventCountry "CAN"]

1. e4 c5 2. Nf3 d6 3. d4 cxd4 4. Nxd4 Nf6 5. Nc3 a6 6. Be2 e6 7. Bg5 Be7 8. Qd2 Qc7 9. f4 Nbd7 10. Bf3 O-O 11. O-O Qb6 12. Kh1 Qxb2 13. Rab1 Qa3 14. Rfe1 h6 15. Bxf6 Bxf6 16. Rb3 Qc5 17. Nce2 Qc7 18. Ng3 Nc5 19. Rbe3 Rb8 20. Nh5 Be7 21. Qc3 e5 22. Nf5 g6 23. fxe5 dxe5 24. Nxh6+ Kh7 25. Nf5 Bg5 26. Bd1 gxf5 27. exf5 f6 28. Rh3 Kg8 29. Qf3 Rf7 30. Qg4 Kf8 31. Bf3 Qa5 32. c3 Qxc3 33. Rf1 Qd4 34. Nxf6 Bxf6 35. Qg6 Qd3 36. Rd1 Bxf5 37. Qh6+ Bg7 38. Qb6 Rc8 39. Rg3 Ne4 40. Rxd3 Nxg3+ 41. hxg3 Bxd3 42. Qd6+ Re7 43. Bxb7 Rc1+ 44. Kh2 Bb5 45. Qd8+ Be8 46. Be4 Re6 47. g4 Rh6+ 48. Kg3 Rc3+ 49. Kf2 Rf6+ 50. Kg1 Re3 51. Bf5 Rf7 52. Qd2 Rg3 53. Kh2 Rxf5 54. gxf5 Rg4 55. Qd6+ Kg8 56. f6 Rg6 {Black offered a draw.} 57. Qd8 Bxf6 58. Qxe8+ Kg7 59. g4 Rh6+ 60. Kg3 Bh4+ 61. Kf3 Rf6+ 62. Ke4 Bg3 63. g5 Rf2 64. Qh5 Rxa2 65. Qh6+ Kg8 1-0

[Event "Paul Keres mem (34th)"]
[Site "New Westminster CAN"]
[Date "2009.05.18"]
[Round "7.7"]
[White "Gentes, Kevin"]
[Black "Tang, Edward"]
[Result "1/2-1/2"]
[WhiteElo "2240"]
[BlackElo "1990"]
[PlyCount "45"]
[GameId "2160767910156723"]
[EventDate "2009.05.15"]
[EventType "swiss"]
[EventRounds "7"]
[EventCountry "CAN"]

1. d4 Nf6 2. c4 e6 3. g3 d5 4. Bg2 Be7 5. Nf3 O-O 6. O-O dxc4 7. Qc2 a6 8. Qxc4 b5 9. Qc2 Bb7 10. Bd2 Be4 11. Qc1 Bb7 12. Bf4 Bd6 13. Nc3 Qe7 14. Ne5 Bxg2 15. Kxg2 c5 16. dxc5 Bxc5 17. Rd1 Qb7+ 18. f3 Nbd7 19. Nxd7 Nxd7 20. Ne4 Be7 21. Nd6 Bxd6 22. Bxd6 Rfe8 23. Qc7 1/2-1/2

[Event "Pere Noel"]
[Site "Montreal CAN"]
[Date "2009.12.26"]
[Round "1"]
[White "Gagnon, Serge"]
[Black "Chang, Michael"]
[Result "1/2-1/2"]
[WhiteElo "2000"]
[BlackElo "1602"]
[PlyCount "148"]
[GameId "2160767910029854"]
[EventDate "2009.12.26"]
[EventType "swiss"]
[EventRounds "5"]
[EventCountry "CAN"]
[SourceTitle "hb 2010.01"]

1. d4 Nf6 2. c4 e6 3. Nf3 Bb4+ 4. Bd2 Bxd2+ 5. Qxd2 O-O 6. Nc3 b6 7. e4 Bb7 8. Bd3 d6 9. O-O-O Nbd7 10. Qf4 Qe7 11. e5 dxe5 12. dxe5 Nh5 13. Qe3 f5 14. Be2 f4 15. Qd2 Rad8 16. Qc2 a6 17. Bd3 g6 18. Be4 Bxe4 19. Nxe4 Rf5 20. Nd4 Nxe5 21. Nxf5 Rxd1+ 22. Qxd1 exf5 23. Qd5+ Kg7 24. Nc3 Nf6 25. Qd4 c5 26. Qd2 Nxc4 27. Qxf4 Ne5 28. Kc2 Nc6 29. Qe3 Nb4+ 30. Kb1 Qxe3 31. fxe3 Ng4 32. a3 Nc6 33. Nd5 b5 34. h3 Nf2 35. Rc1 Nd3 36. Rc3 Nce5 37. b4 c4 38. Nc7 g5 39. Nxa6 Ne1 40. g3 h5 41. Nc7 h4 42. gxh4 g4 43. hxg4 fxg4 44. Nxb5 g3 45. Nd4 g2 46. Ne2 N1f3 47. b5 Nd2+ 48. Kc1 Nb3+ 49. Rxb3 cxb3 50. b6 Nd7 51. Kb1 Nc5 52. Kb2 Na4+ 53. Kxb3 Nxb6 54. Kc3 Kh6 55. Kd4 Kh5 56. Ke4 Kxh4 57. Kf3 Nc4 58. a4 Kg5 59. e4 Nd2+ 60. Ke3 Nb3 61. Ng1 Kf6 62. Nf3 Nc5 63. a5 Ke6 64. Kf4 Kd6 65. e5+ Kc6 66. Kg3 Kd5 67. Kxg2 Kc6 68. Kg3 Kb5 69. Nd4+ Kxa5 70. Kg4 Kb6 71. Kf5 Kb7 72. Kg6 Nd7 73. e6 Nf8+ 74. Kf7 Nxe6 1/2-1/2

[Event "Pere Noel"]
[Site "Montreal CAN"]
[Date "2009.12.26"]
[Round "1"]
[White "Germain, Michel"]
[Black "Bergeron, Rene"]
[Result "1-0"]
[WhiteElo "1948"]
[BlackElo "1560"]
[PlyCount "101"]
[GameId "2160767910029855"]
[EventDate "2009.12.26"]
[EventType "swiss"]
[EventRounds "5"]
[EventCountry "CAN"]
[SourceTitle "hb 2010.01"]

1. Nf3 d5 2. c4 d4 3. g3 Nc6 4. d3 Nf6 5. Bg2 e5 6. Nbd2 Bg4 7. h3 Bd7 8. a3 a5 9. b3 Bd6 10. Qc2 Qe7 11. Ng5 O-O 12. O-O Rab8 13. Nge4 b6 14. Nxd6 Qxd6 15. Rb1 Bf5 16. Bb2 Ne7 17. b4 axb4 18. axb4 Qd7 19. Kh2 c5 20. Ba3 Qd6 21. Rb3 h5 22. Kg1 Bd7 23. bxc5 bxc5 24. Rxb8 Rxb8 25. Rb1 Rxb1+ 26. Qxb1 Bc6 27. Qb6 Nd7 28. Qd8+ Kh7 29. Ne4 Bxe4 30. Bxe4+ g6 31. Bc1 Qe6 32. Qc7 Qxh3 33. Bg5 Qe6 34. Bxe7 Qxe7 35. Bc6 Kg7 36. Kg2 f5 37. e3 Kf6 38. Qxd7 Qxd7 39. Bxd7 e4 40. dxe4 fxe4 41. exd4 cxd4 42. Be8 d3 43. Kf1 g5 44. Bxh5 Ke5 45. Ke1 Kd4 46. Bf7 Kc5 47. Kd2 Kd4 48. Be6 Ke5 49. Bd5 Kd4 50. g4 Ke5 51. Ke3 1-0

[Event "Pere Noel"]
[Site "Montreal CAN"]
[Date "2009.12.26"]
[Round "1"]
[White "Giroux, Robert"]
[Black "Barbeau, Sylvain"]
[Result "0-1"]
[WhiteElo "1847"]
[BlackElo "2372"]
[PlyCount "98"]
[GameId "2160767910029856"]
[EventDate "2009.12.26"]
[EventType "swiss"]
[EventRounds "5"]
[EventCountry "CAN"]
[SourceTitle "hb 2010.01"]

1. e4 e5 2. Nf3 Nc6 3. Bc4 Nf6 4. d4 exd4 5. e5 d5 6. Bb5 Ne4 7. Nxd4 Bc5 8. Be3 Bxd4 9. Qxd4 O-O 10. Bxc6 bxc6 11. Nc3 Ng5 12. O-O-O Ne6 13. Qd2 f5 14. f4 Qe7 15. Na4 Bd7 16. Qc3 Rfb8 17. Bc5 Qf7 18. g3 Rb5 19. b3 a5 20. Rhf1 Be8 21. Ba3 Rab8 22. Bb2 Qf8 23. Qd3 Bh5 24. Nc3 R5b6 25. Ne2 a4 26. g4 Bxg4 27. h3 Bh5 28. Qe3 axb3 29. axb3 Ra8 30. Rd2 Rba6 31. Qc3 Bxe2 32. Rxe2 c5 33. Qf3 c6 34. Rg2 c4 35. Rfg1 R8a7 36. bxc4 Qb4 37. Bc3 Qxc4 38. Qh5 Qxc3 39. Qe8+ Nf8 40. Rxg7+ Rxg7 41. Rxg7+ Kxg7 42. Qe7+ Kg8 43. Qg5+ Kf7 44. Qxf5+ Ke7 45. Qg5+ Ke8 46. Qh5+ Ng6 47. Kd1 Ra1+ 48. Ke2 Re1+ 49. Kf2 Qe3+ 0-1

[Event "Pere Noel"]
[Site "Montreal CAN"]
[Date "2009.12.26"]
[Round "1"]
[White "He, Shao Hang"]
[Black "Luo, Zhao Yang"]
[Result "1/2-1/2"]
[WhiteElo "1666"]
[BlackElo "2012"]
[PlyCount "117"]
[GameId "2160767910029857"]
[EventDate "2009.12.26"]
[EventType "swiss"]
[EventRounds "5"]
[EventCountry "CAN"]
[SourceTitle "hb 2010.01"]

1. d4 Nf6 2. c4 g6 3. Nc3 Bg7 4. Nf3 O-O 5. e4 d6 6. Be2 e5 7. d5 a5 8. O-O Na6 9. Be3 Ng4 10. Qd2 Nxe3 11. Qxe3 f5 12. exf5 gxf5 13. Qg5 Qxg5 14. Nxg5 Bf6 15. Nf3 e4 16. Nd2 Nc5 17. Nb3 b6 18. Nxc5 bxc5 19. Rab1 Bd7 20. Rfc1 Rab8 21. b3 Rfe8 22. Nb5 Bxb5 23. cxb5 e3 24. f3 f4 25. a4 Kh8 26. g4 Bd4 27. Kf1 Re5 28. Bc4 h5 29. h3 e2+ 30. Bxe2 Rxd5 31. Rc2 hxg4 32. hxg4 Kg7 33. Bc4 Re5 34. Re2 Be3 35. Rd1 Rh8 36. Kg2 Rhe8 37. Kf1 Kg6 38. Ree1 R5e7 39. Kg2 Re5 40. Rd5 Rxd5 41. Bxd5 Re5 42. Rd1 Bd4 43. Be4+ Kf6 44. Bb1 Re2+ 45. Kh3 Rb2 46. Rh1 Rxb3 47. Kh4 Rxf3 48. g5+ Kg7 49. Kg4 Rb3 50. Kxf4 Rb4 51. Bc2 Kf8 52. Rh7 Bg7+ 53. Kf5 Kg8 54. Kg6 Be5 55. Rxc7 Kf8 56. Ra7 Rb2 57. Bf5 Bc3 58. Ra8+ Ke7 59. Ra7+ 1/2-1/2

[Event "Pere Noel"]
[Site "Montreal CAN"]
[Date "2009.12.26"]
[Round "1"]
[White "Jiang, Louie"]
[Black "Page-Fortin, Mathieu"]
[Result "1-0"]
[WhiteElo "2312"]
[BlackElo "1817"]
[PlyCount "59"]
[GameId "2160767910029858"]
[EventDate "2009.12.26"]
[EventType "swiss"]
[EventRounds "5"]
[EventCountry "CAN"]
[SourceTitle "hb 2010.01"]

1. e4 e6 2. d4 d5 3. Nc3 Bb4 4. e5 c5 5. a3 Bxc3+ 6. bxc3 Ne7 7. Qg4 O-O 8. Nf3 Qa5 9. Bd2 c4 10. Be2 Nbc6 11. h4 f5 12. Qg3 Bd7 13. Ng5 Nd8 14. O-O Rc8 15. Qf3 Rc6 16. Qh5 h6 17. Nh3 Be8 18. Qf3 Rb6 19. Bc1 Kh7 20. Nf4 Ng6 21. Nxg6 Bxg6 22. h5 Be8 23. g4 Nf7 24. gxf5 Ng5 25. Bxg5 Rxf5 26. Qh3 Rxg5+ 27. Kh1 Rb2 28. f4 Rf5 29. Bg4 Rf8 30. Bxe6 1-0

[Event "Pere Noel"]
[Site "Montreal CAN"]
[Date "2009.12.26"]
[Round "1"]
[White "Larochelle, Martial"]
[Black "Goldner, John"]
[Result "1-0"]
[WhiteElo "2133"]
[BlackElo "1710"]
[PlyCount "89"]
[GameId "2160767910029859"]
[EventDate "2009.12.26"]
[EventType "swiss"]
[EventRounds "5"]
[EventCountry "CAN"]
[SourceTitle "hb 2010.01"]

1. c4 c5 2. Nf3 Nc6 3. d4 cxd4 4. Nxd4 g6 5. e4 Bg7 6. Be3 Nf6 7. Nc3 d6 8. Be2 O-O 9. O-O Ng4 10. Bxg4 Bxg4 11. Nxc6 Bxd1 12. Nxd8 Bg4 13. Nxb7 Rab8 14. Na5 Rxb2 15. Rac1 Rc8 16. a3 a6 17. f3 Be6 18. Rf2 Bxc3 19. Rxc3 Rb1+ 20. Rc1 Rxc1+ 21. Bxc1 Rc5 22. Bd2 Bxc4 23. Bb4 Rc8 24. Rc2 Be6 25. Rxc8+ Bxc8 26. Nc6 Kf8 27. e5 Ke8 28. exd6 exd6 29. Na5 d5 30. Kf2 Kd7 31. Ke3 Ke6 32. Kd4 h5 33. g3 g5 34. h4 f6 35. Bd2 gxh4 36. gxh4 Kd6 37. Bf4+ Ke6 38. Bg3 f5 39. Nb3 Kf6 40. Nc5 Ke7 41. Kxd5 Kf6 42. Be5+ Ke7 43. f4 Ke8 44. Kd6 Kf7 45. a4 1-0

[Event "Pere Noel"]
[Site "Montreal CAN"]
[Date "2009.12.26"]
[Round "1"]
[White "Lemieux, Serge"]
[Black "Cvetkovic, Simeon"]
[Result "0-1"]
[WhiteElo "1515"]
[BlackElo "1926"]
[PlyCount "154"]
[GameId "2160767910029860"]
[EventDate "2009.12.26"]
[EventType "swiss"]
[EventRounds "5"]
[EventCountry "CAN"]
[SourceTitle "hb 2010.01"]

1. d4 d5 2. c4 c6 3. Nf3 Nf6 4. Nc3 dxc4 5. a4 Bf5 6. e3 e6 7. Bxc4 Nbd7 8. O-O Bd6 9. Re1 Ne4 10. Bd3 Nxc3 11. bxc3 Bg6 12. e4 e5 13. Ba3 Qe7 14. Bxd6 Qxd6 15. Bc2 Bh5 16. Re3 Qf6 17. Rb1 Rb8 18. Qd3 O-O 19. Nd2 Rfd8 20. Rh3 Bg4 21. Rg3 Qf4 22. Qe3 Qxe3 23. fxe3 Bh5 24. Nf3 Bg6 25. Nh4 Re8 26. Rf1 Nf6 27. Nxg6 fxg6 28. d5 Rbc8 29. d6 Rcd8 30. Rd1 Rd7 31. c4 c5 32. Rf3 Re6 33. Kf2 Rexd6 34. Rxd6 Rxd6 35. Ke2 Kf7 36. g4 Ke7 37. h3 Nd7 38. Rf1 Nb8 39. Rb1 b6 40. a5 Nc6 41. axb6 axb6 42. Ba4 Na5 43. Bb5 Kf6 44. h4 Rd8 45. Rf1+ Ke6 46. Rb1 Ke7 47. Ba6 Rd6 48. Bb5 g5 49. h5 Nb7 50. Rb2 Na5 51. Rd2 Rxd2+ 52. Kxd2 Nb7 53. Bc6 Nd6 54. Bd5 Kd7 55. Ke2 Kc7 56. Kd3 Ne8 57. Ke2 Nf6 58. Kf3 Kb8 59. Bc6 Ka7 60. Bb5 Ng8 61. Kg3 Ne7 62. Kf3 Nc8 63. Ke2 Nd6 64. Kd3 Kb7 65. Bd7 Kc7 66. Be6 Kd8 67. Bf5 h6 68. Kc3 Ke7 69. Kd3 Kf6 70. Kc3 Nxf5 71. exf5 e4 72. Kb3 Ke5 73. Ka4 Kd6 74. Kb5 Kc7 75. Ka4 Kc6 76. Kb3 b5 77. Kc3 bxc4 0-1

[Event "Pere Noel"]
[Site "Montreal CAN"]
[Date "2009.12.26"]
[Round "1"]
[White "Masse, Hugues"]
[Black "Schommer, Philippe"]
[Result "1/2-1/2"]
[WhiteElo "2213"]
[BlackElo "1764"]
[PlyCount "115"]
[GameId "2160767910029861"]
[EventDate "2009.12.26"]
[EventType "swiss"]
[EventRounds "5"]
[EventCountry "CAN"]
[SourceTitle "hb 2010.01"]

1. d4 d5 2. c4 e5 3. dxe5 d4 4. Nf3 Nc6 5. g3 Nge7 6. Bg2 Ng6 7. Bg5 Qd7 8. O-O Ngxe5 9. Nxe5 Nxe5 10. Qc2 Qf5 11. Qxf5 Bxf5 12. Bf4 f6 13. Bxe5 fxe5 14. Bxb7 Rb8 15. Bc6+ Bd7 16. Bxd7+ Kxd7 17. b3 Be7 18. Nd2 g5 19. Ne4 h5 20. h3 a5 21. Rad1 Ke6 22. f4 gxf4 23. gxf4 Rhg8+ 24. Kh2 Rbf8 25. fxe5 Rxf1 26. Rxf1 Kxe5 27. Rf7 Bh4 28. Nd2 Bg3+ 29. Kh1 Ke6 30. Rh7 h4 31. Ne4 Be1 32. Rxc7 Kf5 33. Re7 Bb4 34. c5 Rg6 35. Nd6+ Kf4 36. Re4+ Kg3 37. Nf5+ Kf2 38. Rf4+ Kxe2 39. Rxd4 Bxc5 40. Rxh4 Kf3 41. Nd4+ Kf2 42. Rf4+ Ke3 43. Rg4 Rxg4 44. Nf5+ Kf4 45. hxg4 Kxg4 46. Ng7 Kf3 47. Ne6 Bb6 48. Nf8 Ke2 49. Nd7 Ba7 50. Kg2 Bd4 51. Kg3 Kd3 52. Kf4 Kc2 53. Ke4 Kc3 54. Kd5 Bf2 55. Nc5 Bg1 56. a4 Kb4 57. Nb7 Kxb3 58. Nxa5+ 1/2-1/2

[Event "Pere Noel"]
[Site "Montreal CAN"]
[Date "2009.12.26"]
[Round "1"]
[White "Ramaswamy, Kiran"]
[Black "Goldenberg, Danny"]
[Result "0-1"]
[WhiteElo "1828"]
[BlackElo "2323"]
[PlyCount "58"]
[GameId "2160767910029864"]
[EventDate "2009.12.26"]
[EventType "swiss"]
[EventRounds "5"]
[EventCountry "CAN"]
[SourceTitle "hb 2010.01"]

1. c4 g6 2. g3 Bg7 3. Bg2 Nf6 4. Nc3 O-O 5. d3 c5 6. e4 Nc6 7. Nge2 d6 8. O-O Nd4 9. h3 Rb8 10. Be3 Ne8 11. a4 Nc7 12. Bxd4 cxd4 13. Nb5 Nxb5 14. axb5 a6 15. bxa6 bxa6 16. Qd2 f5 17. exf5 Rxf5 18. Nf4 Bh6 19. Ne6 Qf8 20. Qe2 Qf6 21. Bd5 Re5 22. Nxd4+ Rxd5 23. cxd5 Qxd4 24. g4 Qxd5 25. Qxe7 Bb7 26. Qe4 Qxe4 27. dxe4 Bxe4 28. Rfd1 Rb6 29. Ra4 Bc2 0-1

[Event "Pere Noel"]
[Site "Montreal CAN"]
[Date "2009.12.26"]
[Round "1"]
[White "Robichaud, Louis"]
[Black "Moore, Ronald"]
[Result "1-0"]
[WhiteElo "2040"]
[BlackElo "1689"]
[PlyCount "52"]
[GameId "2160767910029866"]
[EventDate "2009.12.26"]
[EventType "swiss"]
[EventRounds "5"]
[EventCountry "CAN"]
[SourceTitle "EXT 2011"]
[Source "ChessBase"]
[SourceDate "2011.11.26"]
[SourceVersion "1"]
[SourceVersionDate "2011.11.26"]
[SourceQuality "1"]

1. e4 g5 2. d4 Bg7 3. Bxg5 c5 4. c3 Qb6 5. Nf3 Qxb2 6. Nbd2 cxd4 7. Nc4 Qxc3+ 8. Bd2 Qxa1 9. Qxa1 Nc6 10. Bd3 b5 11. Na3 a6 12. Nc2 e5 13. a4 bxa4 14. Qxa4 Nge7 15. Na3 O-O 16. Nc4 d5 17. exd5 f5 18. dxc6 e4 19. Nb6 Rb8 20. Qb3+ Kh8 21. Bf4 Be6 22. Qxe6 Rxb6 23. Qxe7 exd3 24. Be5 Rb1+ 25. Kd2 Rb2+ 26. Kxd3 Rg8 1-0

[Event "Pere Noel"]
[Site "Montreal CAN"]
[Date "2009.12.26"]
[Round "1"]
[White "Sambuev, Bator"]
[Black "Turcotte, Jonathan"]
[Result "1-0"]
[WhiteElo "2528"]
[BlackElo "1863"]
[PlyCount "41"]
[GameId "2160767910029867"]
[EventDate "2009.12.26"]
[EventType "swiss"]
[EventRounds "5"]
[EventCountry "CAN"]
[SourceTitle "hb 2010.01"]

1. e4 e5 2. Nf3 Nc6 3. Bc4 Bc5 4. c3 Nf6 5. d3 d6 6. Bb3 h6 7. Nbd2 O-O 8. h3 Qe7 9. Nf1 Be6 10. Ng3 d5 11. Qe2 Rfe8 12. Nh4 Qd7 13. Qf3 dxe4 14. dxe4 Nh7 15. Nhf5 Ne7 16. Nxg7 Kxg7 17. Nh5+ Kg6 18. Qg3+ Kxh5 19. Qg7 Ng8 20. g4+ Kh4 21. Qxe5 1-0

[Event "Pere Noel"]
[Site "Montreal CAN"]
[Date "2009.12.26"]
[Round "1"]
[White "Sprumont, Oscar"]
[Black "Dumont, Felix"]
[Result "1/2-1/2"]
[WhiteElo "1593"]
[BlackElo "1955"]
[PlyCount "72"]
[GameId "2160767910029869"]
[EventDate "2009.12.26"]
[EventType "swiss"]
[EventRounds "5"]
[EventCountry "CAN"]
[SourceTitle "hb 2010.01"]

1. e4 c5 2. Nc3 a6 3. d3 b5 4. a3 Bb7 5. g3 e6 6. Bg2 d5 7. f4 g6 8. exd5 exd5 9. d4 Bg7 10. Nf3 Nd7 11. Be3 c4 12. O-O Ngf6 13. Ng5 h6 14. Nh3 O-O 15. f5 Re8 16. Qf3 g5 17. Nf2 g4 18. Qe2 Qe7 19. Nfd1 b4 20. axb4 Qxb4 21. Qd2 Kh7 22. Ra4 Qb6 23. Ne2 Ne4 24. Qb4 Qxb4 25. Rxb4 Bc6 26. Rf4 Nd6 27. Nec3 a5 28. Ra4 Bxa4 29. Nxa4 h5 30. Bxd5 Ra6 31. Rf1 Rxe3 32. Nxe3 Bxd4 33. Re1 Nxf5 34. Be4 Bxe3+ 35. Rxe3 Kg6 36. Re1 Nf6 1/2-1/2

[Event "Pere Noel"]
[Site "Montreal CAN"]
[Date "2009.12.26"]
[Round "1"]
[White "Voloaca, Mihnea"]
[Black "Bouchard, Jean-Marc"]
[Result "1-0"]
[WhiteElo "2325"]
[BlackElo "1829"]
[PlyCount "49"]
[GameId "2160767910029870"]
[EventDate "2009.12.26"]
[EventType "swiss"]
[EventRounds "5"]
[EventCountry "CAN"]
[SourceTitle "hb 2010.01"]

1. d4 Nf6 2. Bg5 e6 3. e4 Be7 4. e5 Nd5 5. Bxe7 Nxe7 6. Bd3 c5 7. dxc5 Qa5+ 8. Nc3 Nbc6 9. Nf3 Nd5 10. Qd2 Nxc3 11. Qxc3 Qxc3+ 12. bxc3 f6 13. exf6 gxf6 14. Be4 Ke7 15. O-O-O b6 16. Bxc6 dxc6 17. Rd6 bxc5 18. Rxc6 Bd7 19. Rxc5 Rac8 20. Ra5 Rc7 21. Re1 Kf7 22. Nd4 Rb8 23. f4 Rb6 24. Re3 a6 25. Rh5 1-0

[Event "Pere Noel"]
[Site "Montreal CAN"]
[Date "2009.12.26"]
[Round "1"]
[White "Voskanyan, Vahagn"]
[Black "Vassileva, Svetla"]
[Result "1-0"]
[WhiteElo "2188"]
[BlackElo "1741"]
[PlyCount "51"]
[GameId "2160767910029871"]
[EventDate "2009.12.26"]
[EventType "swiss"]
[EventRounds "5"]
[EventCountry "CAN"]
[SourceTitle "hb 2010.01"]

1. e4 e5 2. Nf3 Nc6 3. Nc3 Nf6 4. d4 Bb4 5. d5 Ne7 6. Bd3 d6 7. O-O O-O 8. Ne2 Bg4 9. Ng3 c6 10. c3 Bc5 11. dxc6 bxc6 12. h3 Be6 13. Bg5 Ng6 14. Nh5 Nf4 15. Nxf4 exf4 16. Bxf4 Nh5 17. Bh2 Qd7 18. Ng5 g6 19. b4 Bb6 20. Be2 Nf6 21. Qxd6 Qxd6 22. Bxd6 Rfe8 23. Be5 Nd7 24. Bd4 f6 25. Nxe6 Rxe6 26. Bc4 1-0

[Event "Pere Noel"]
[Site "Montreal CAN"]
[Date "2009.12.26"]
[Round "1"]
[White "Zhu, Hong Rui"]
[Black "Prahov, Valentin"]
[Result "0-1"]
[WhiteElo "1727"]
[BlackElo "2209"]
[PlyCount "102"]
[GameId "2160767910029873"]
[EventDate "2009.12.26"]
[EventType "swiss"]
[EventRounds "5"]
[EventCountry "CAN"]
[SourceTitle "EXT 2011"]
[Source "ChessBase"]
[SourceDate "2011.11.26"]
[SourceVersion "1"]
[SourceVersionDate "2011.11.26"]
[SourceQuality "1"]

1. e4 c5 2. Nf3 e6 3. d4 cxd4 4. Nxd4 Nf6 5. Nc3 Nc6 6. Nxc6 bxc6 7. e5 Nd5 8. Nxd5 cxd5 9. Bd3 Ba6 10. O-O Bxd3 11. Qxd3 Qb6 12. Rd1 Bc5 13. Qf3 O-O 14. c4 dxc4 15. Rxd7 Rad8 16. Rxd8 Rxd8 17. Bg5 Qxb2 18. Rf1 Rd5 19. Bf4 Qxa2 20. Bg3 Qb3 21. Qe2 Qd3 22. Qb2 c3 23. Qb8+ Rd8 24. Qc7 Bb6 25. Qc6 c2 26. Bh4 Rd7 27. Bg5 h6 28. Bc1 Rc7 29. Qe8+ Kh7 30. Qa4 Bd4 31. Re1 Bxe5 32. Qe4+ Qxe4 33. Rxe4 Rd7 34. Kf1 Rd1+ 35. Re1 Bc3 36. Ke2 Rxe1+ 37. Kd3 Rxc1 38. Kxc3 Rf1 39. Kxc2 Rxf2+ 40. Kc3 Rxg2 41. h4 Rh2 42. Kc4 Rxh4+ 43. Kb5 Kg8 44. Ka6 Rb4 45. Kxa7 h5 46. Ka6 h4 47. Ka5 Rb1 48. Ka6 h3 49. Ka7 h2 50. Ka8 h1=Q+ 51. Ka7 Qb7# 0-1